01656nam a2200385Ii 4500001001300000003000800013006001900021007001500040008004100055035002200096040003100118020004300149020003700192043001200229050001900241245021300260264004100473300002300514336002600537337002600563338003600589347002100625347000900646588008100655650005700736650007000793600004200863600004500905600004100950600004100991600004301032700004301075776008001118856007201198DIGEDNOM0007NyNyDIGm o d cr |||||||||||230605s2019 mx ob 000 0dspa d a(OCoLC)1381687552 aDGITAbengerdaepncDGITA a9786079874681qversión electrónica z9786079851293qversión impresa acl-----14aPQ7081.3 ebook00aDerrotas :bconversaciones con cuatro poetas del exilio latinoameriano en México : Homero Carvalho Oliva, Pedro Salvador Ale, Saúl Ibargoyen, Carlos López /c[entrevistas realiadas por] Francisco Trejo. 1aMéxico :bEditora Nómada,c2019. a1 online resource. atextbtxt2rdacontent acomputerbc2rdamedia aonline resourcebcr2rdacarrier atext file2rdaft bEPUB0 aOnline resource; title from ePub title page (Digitalia, viewed June 5, 2023) 0aAuthors, Spanish Americany20th centuryvInterviews. 0aSpanish American literaturey20th centuryxHistory and criticism.10aCarvalho, Homero,d1957-vInterviews.10aAle, Pedro Salvador,d1954-vInterviews.10aIbargoyen Islas, SaúlvInterviews.10aLópez, Carlos,d1954-vInterviews.10aTrejo, Francisco,d1987-eInterviewer.1 aTrejo, Francisco,d1987-einterviewer.08iPrint version:tDerrotas.dMéxico : Editora Nómada, 2019z9786079851293403Digitalia Hispánicauhttps://www.digitaliapublishing.com/a/98922/